00633nam a2200157Ia 4500008004100000082001500041100003600056245006200092260005300154365000600207630006200213730006200275942000900337999001900346952011000365100415s9999 xx 000 0 und d b19417a500 aIndian National Science Academy aProceeding Of The National Institute Of Sciences Of India aNEW DELHIc1970bIndian National Science Academy b0 aProceeding Of The National Institute Of Sciences Of India aProceeding Of The National Institute Of Sciences Of India cBOOK c602314d602311 00104070aBNHSbBNHSd2001-01-05g0.00l0o500 19417pBNHS-19417r2010-04-15 00:00:00w2010-04-15yBOOK